000 01194nam a2200241Ia 4500
999 _c37840
_d37840
001 3818
003 GE_BSU
005 20190822173709.0
008 181216s1973||||ge |||||||||||||| ||g ||
040 _cGE_BSU
041 _ageo
080 _a27–23 ტ–39
100 _aტაქსილი, ლეო
_93749
245 _aსახალისო ბიბლია /
_cრედ. მ. ვარდოსანიძე ; თარგმანი, შესავალი წერილი, შენიშვნები და ლექსიკონი ა. გელოვანისა
264 _aთბ. :
_bსაქ. კპ ცკ-ის გამ-ბა,
_c1973.
300 _a605 გვ. ;
_b22 სმ.
501 _a ბიბლიის მცირე ლექსიკონი: გვ. 547-594. - სახელთა საძიებელი: გვ. 595-601.
653 _aრელიგია
653 _aსახალისო ბიბლია.
700 _aვარდოსანიძე, მ.
_eრედაქტორი
_93750
700 _aგელოვანი, ა.
_eმთარგმნელი
_93751
942 _cBK
_2udc